00834cam a22002653a 45000010005000000030006000050050017000110080041000280400015000690420007000840500006000910500007000971000033001042450104001372600029002415060030002705160020003006530015003206530041003356530015003767000033003917400075004248300028004998560041005279306PGUSA20140828083210.0051101s2005||||xxu|||||s|||||000 | eng d aPGUSAbeng adc 4aB 4aBH1 aCroce, Benedetto,d1866-195210aAesthetic as Science of Expression and General Linguistich[electronic resource] /cBenedetto Croce bProject Gutenberg,c2005 aPublic domain in the USA. aElectronic text aPhilosophy aLanguage and languages -- Philosophy aAesthetics1 aAinslie, Douglas,d1865-19480 aEstetica come scienza dell'espressione e linguistica generale. English 0aProject Gutenbergv930640uhttp://www.gutenberg.org/ebooks/9306